Macroeconomics <an> introduction to keynesian-neoclassical controversies

Guardado en:
Detalles Bibliográficos
Autor principal: Levačic', Rosalind
Otros Autores: Rebmann, Alexander
Formato: Libro
Lenguaje:inglés
Publicado: London The Macmillan Press 1982
Edición:2. ed.
Materias:
Etiquetas: Agregar Etiqueta
Sin Etiquetas, Sea el primero en etiquetar este registro!

MARC

LEADER 00000nam a2200000 4500
001 c014378
005 20221207073812.5
020 |a 0-333-34145-7 
041 0 |a eng 
044 |a GB 
245 1 0 |a Macroeconomics  |b <an> introduction to keynesian-neoclassical controversies  |c Rosalind Levačic', Alexander Rebmann 
250 |a 2. ed. 
264 1 |a London  |b The Macmillan Press  |c 1982 
300 |a 455 s. 
610 2 0 |a makroekonomika 
610 2 0 |a keynesizmus 
610 2 0 |a teórie ekonomické 
100 1 |a Levačic', Rosalind 
700 1 |a Rebmann, Alexander